Обработка изображений оптического переходного излучения и излучения Вавилова-Черенкова, полученных с ПЗС-матрицы; Перспективы развития фундаментальных наук; Т. 1 : Физика

Bibliografske podrobnosti
Parent link:Перспективы развития фундаментальных наук=Prospects of Fundamental Sciences Development: сборник научных трудов XXI Международной конференции студентов, аспирантов и молодых ученых, г. Томск, 23-26 апреля 2024 г./ Национальный исследовательский Томский политехнический университет ; под ред. И. А. Курзиной [и др.].— .— Томск: Изд-во ТПУ
Т. 1 : Физика.— 2024.— С. 97-99
Glavni avtor: Волков М. И.
Korporativna značnica: Национальный исследовательский Томский политехнический университет (570)
Drugi avtorji: Шкитов Д. А. Дмитрий Андреевич (научный руководитель)
Izvleček:Заглавие с экрана
This paper presents the features of a program implementation for processing images obtained using a CCD-camera during the generation of Vavilov-Cherenkov radiation and transition radiation in the optical wavelength range. This program is written in Python
Текстовый файл
Jezik:ruščina
Izdano: 2024
Teme:
Online dostop:http://earchive.tpu.ru/handle/11683/80554
Format: Elektronski Book Chapter
KOHA link:https://koha.lib.tpu.ru/cgi-bin/koha/opac-detail.pl?biblionumber=674379

MARC

LEADER 00000naa2a2200000 4500
001 674379
005 20241007131939.0
090 |a 674379 
100 |a 20240905d2024 k||y0rusy50 ca 
101 0 |a rus 
102 |a RU 
135 |a drcn ---uucaa 
200 1 |a Обработка изображений оптического переходного излучения и излучения Вавилова-Черенкова, полученных с ПЗС-матрицы  |d Image processing of optical transition radiation and Vavilov-Cherenkov radiation obtained from a CCD matrix  |f М. И. Волков  |g науч. рук. Д. А. Шкитов ; Национальный исследовательский Томский политехнический университет  |z eng 
300 |a Заглавие с экрана 
320 |a Список литературы: 3 назв. 
330 |a This paper presents the features of a program implementation for processing images obtained using a CCD-camera during the generation of Vavilov-Cherenkov radiation and transition radiation in the optical wavelength range. This program is written in Python 
336 |a Текстовый файл 
461 1 |0 674010  |t Перспективы развития фундаментальных наук  |l Prospects of Fundamental Sciences Development  |o сборник научных трудов XXI Международной конференции студентов, аспирантов и молодых ученых, г. Томск, 23-26 апреля 2024 г.  |9 674010  |c Томск  |n Изд-во ТПУ  |f Национальный исследовательский Томский политехнический университет ; под ред. И. А. Курзиной [и др.] 
463 1 |0 674235  |t Т. 1 : Физика  |v С. 97-99  |d 2024  |9 674235  |p 1 файл (66,9 MB, 392 с.)  |u conference_tpu-2024-C21_V1.pdf  |l Vol. 1 : Physics 
610 1 |a труды учёных ТПУ 
610 1 |a электронный ресурс 
610 1 |a излучение Вавилова-Черенкова 
610 1 |a язык Python 
610 1 |a оптическое переходное излучение 
610 1 |a заряженные частицы 
610 1 |a оптическая камера 
610 1 |a ПЗС-матрица 
700 1 |a Волков  |b М. И. 
702 1 |a Шкитов  |b Д. А.  |c физик  |c младший научный сотрудник Томского политехнического университета, кандидат физико-математических наук  |f 1985-  |g Дмитрий Андреевич  |4 727 
712 0 2 |a Национальный исследовательский Томский политехнический университет  |c (2009- )  |9 26305  |4 570 
801 0 |a RU  |b 63413507  |c 20240905  |g RCR 
856 4 |z http://earchive.tpu.ru/handle/11683/80554  |u http://earchive.tpu.ru/handle/11683/80554 
942 |c CF